Name the Language! - Statistics

General Stats
  • This quiz has been taken 39 times
  • The average score is 12 of 16
Answer Stats
Hint Answer % Correct
The quick brown fox English
100%
Le renard brun rapide French
100%
Быстрая бурая лиса Russian
100%
El rápido zorro marrón Spanish
100%
クイックブラウンフォックス Japanese
97%
الثعلب البني السريع Arabic
95%
敏捷的棕色狐狸 Chinese
95%
빠른 갈색 여우 Korean
95%
Szybki brązowy lis Polish
82%
द क्विक ब्राउन फ़ॉक्स Hindi
79%
สุนัขจิ้งจอกสีน้ำตาลที่ว่องไว Thai
79%
Hızlı kahverengi tilki Turkish
58%
Mbweha wa kahawia mwepesi Swahili
53%
Die vinnige bruin jakkals Afrikaans
47%
Rubah coklat yang cepat Indonesian
34%
The ngwa ngwa nkịta nkịta ọhịa Igbo
18%
No matching quizzes found
Score Distribution
Percent of People with Each Score
Percentile by Number Answered
Your Score History
You have not taken this quiz